Κατάλογος Βιβλιοθηκών Mediterranean College

Research Methods in Health / Investigating Health and Health Services (Record no. 61)

MARC details
000 -LEADER
fixed length control field 01369cam a22002054a 4500
005 - ΗΜΕΡΟΜΗΝΙΑ ΚΑΙ ΩΡΑ ΤΕΛΕΥΤΑΙΑΣ ΕΝΗΜΕΡΩΣΗΣ
Πεδίο ελέγχου 20250605163922.0
008 - FIXED-LENGTH DATA ELEMENTS--GENERAL INFORMATION
Πεδίο ελέγχου σταθερού μήκους 250528s ||||||||||||||||||||||||d
035 ## - SYSTEM CONTROL NUMBER
System control number 14428
020 ## - ISBN
ISBN 335206433
040 ## - ΠΗΓΗ ΚΑΤΑΛΟΓΟΓΡΑΦΗΣΗΣ
Φορέας πρωτότυπης καταλογογράφησης MC Athens Campus Library
Γλώσσα καταλογογράφησης Ελληνικά, Μοντέρνα (1453-)
Modifying agency MC Athens Campus Library
Κανόνες περιγραφικής καταλογογράφησης AACR2
245 1# - ΤΙΤΛΟΣ ΚΑΙ ΔΗΛΩΣΗ ΥΠΕΥΘΥΝΟΤΗΤΑΣ
Τίτλος Research Methods in Health / Investigating Health and Health Services
250 ## - EDITION STATEMENT
Edition statement 2nd
260 ## - PUBLICATION, DISTRIBUTION, ETC.
Name of publisher, distributor, etc. Open University Press,
Date of publication, distribution, etc. 2006
300 ## - PHYSICAL DESCRIPTION
Extent 492
520 ## - SUMMARY, ETC.
Summary, etc. This text is aimed at students and researchers of health and health services. Preface, Acknowledgements, Investigating Health Services and Health: The Scope of Research, Evaluating Health Services: Multidisciplinary Collaboration, Social Research on Health: Sociological and Psychological Concepts and Approaches, Health Needs and Their Assessment: Demography and Epidemiology, Costing Health Services: Health Economies, The Philosophy and Theory and Practice of Research, The Philosophical Framework of Measurement, The Principles of Research, Quantitative Research: Sampling and Research Methods, Sample Size and Sampling and Research Methods, Quantitative Research: Surveys, The Tools of Quantitative Research, Questionnaire Design, Techniques of Survey Interviewing, Qualitative and Combined Methods and Their Analysis, Glossary, References, Index.
700 1# - ΠΡΟΣΘΕΤΗ ΑΝΑΓΡΑΦΗ--ΦΥΣΙΚΟ ΠΡΟΣΩΠΟ
Personal name Bowling Ann
9 (RLIN) 85
942 ## - ADDED ENTRY ELEMENTS (KOHA)
Koha item type Books
Holdings
Τύπος τεκμηρίου Βιβλιοθήκη Τρέχουσα τοποθεσία Barcode Αριθμός εισαγωγής Ημερομηνία απόκτησης Ταξιθετικό σύμβολο Αριθμός αντιτύπου Κατάσταση απόσυρσης Κατάσταση χαμένου Κατάσταση κατεστραμμένου Μη δανεισμός Σύνολο δανεισμών Ημερομηνία τελευταίας εμφάνισης Η τιμή ισχύει από
Books MC Athens Campus Library MC Athens Campus Library 9780000000606 3737 05/06/2025 362.1/07/2 BOW 1           05/06/2025 05/06/2025

MC Athens Campus Library
Πατησίων 94 & Κοδριγκτώνος 13, 104 34
Πελλήνης 8 & Πατησίων 107, 112 51
Τ: +30 210 8899600

MC Thessaloniki Campus Library
Ίωνος Δραγούμη 21, 54625 | Ίωνος Δραγούμη 15, 54625
Τ: +30 2310 287779 – Τ: +30 2314 440300